| 000 | 01920nab a2200265 a 4500 | ||
|---|---|---|---|
| 005 | 20260108103602.0 | ||
| 008 | 991125c2015 sp fr p o 000 0 spa d | ||
| 035 | _aUPN01000206664 | ||
| 040 |
_aMX-MxUPN _bspa _cMX-MxUPN _eaacr2 |
||
| 049 | _aART-E | ||
| 100 | 1 | _aSequeira Rovira, Paula | |
| 100 | 1 | _upaulasr30@yahoo.com | |
| 245 | 1 | 0 | _aHaciendo las preguntas correctas. Foucault, poder y sexualidad |
| 506 | 0 | _aAcceso abierto | |
| 520 | 3 | _aEste artículo tiene como propósito señalar la predominancia que ha existido en mirar la sexualidad desde un enfoque que tiene como horizonte la hipótesis represiva. Con ello se quiere decir que la sexualidad ha sido fundamentalmente analizada como un espacio reprimido y constreñido por diferentes agentes, legislaciones, instituciones, culturas, etc. Lo anterior ha estado in$uenciado en países de América Latina y otros lugares, por el uso de un marco de análisis del “poder para” y “poder sobre” que mira al poder como bueno o malo, dependiendo de su objetivo y resultados. Esta visión de la hipótesis represiva influye directamente en la forma en cómo ésta se investiga, las preguntas que se hacen y los resultados que se obtienen. Este documento busca plantear las posibilidades teóricas y analíticas que ofrece la teoría foucaultiana en estos estudios para permitir crear otro tipo de aproximación a estas temáticas que se aparten de mirar a la sexuali- dad como un sitio de represión o liberación. | |
| 650 | 2 |
_aSexualidad _97977 |
|
| 650 | 4 |
_aPoder (Ciencias sociales) _91203 |
|
| 653 | 0 | _aFoucault, Paul-Michel, 1926-1984 | |
| 653 | 0 | _aHipótesis represiva | |
| 773 |
_gNo. 31 (2015), p. 131-148 _tEmpiria : revista de metodología de las ciencias sociales _x1139-5737 |
||
| 856 | 4 | _uhttps://revistas.uned.es/index.php/empiria/article/view/14540 | |
| 902 | _aGloria Jiménez/080126 | ||
| 905 | _aArticulo | ||
| 942 | _cART-E | ||
| 999 |
_c178765 _d178765 |
||